00505cam a2200169ua 45000010005000000080039000050200018000440400009000620820008000711000028000792450070001072500009001772600053001863000028002396530014002676530054002811756110824n ii |||gr||||Z||||||eng a0-7069-3260-9 cMAIN a337 aMannur, H. G.,eAuthor.1 aInternational economics theory and policy issuescby H. G. Mannur a1st. aNew Delhi:bVikas publishing house pvt. ltd,986. axi; 388p :bill;c23cm. aEconomics ainternational economics theory and policy issues